Statistiques concernant Les Villes de moins de 100 000 habitants ayant eu un club en Finale de la Coupe de France

Cliquez ici pour prendre le quiz!

Statistiques générales

  • Ce quiz a été pris 120 fois
  • Le résultat moyen est 10 sur 21

Statistiques - réponses

Answer % Correct
Guingamp
81%
Calais
79%
Les Herbiers
78%
Auxerre
73%
Lens
69%
Lorient
66%
Le Petit-Quevilly
64%
Bastia
56%
Sedan
55%
Sète
52%
Cannes
51%
Troyes
44%
Roubaix
44%
Valenciennes
44%
Montbéliard
38%
Châteauroux
36%
Thonon-les Bains
30%
Saint-Ouen
29%
Charleville-Mézières
12%
Valentigney
11%
Pantin
8%

Distribution des résultats

Percentile par nombre de réponses

% des personnes avec chaque résultat

Votre développement - résultats

Vous n’avez pas pris ce quiz